000 00314nam a22001217a 4500
999 _c7675
_d7675
005 20190225124306.0
008 190225b ||||| |||| 00| 0 eng d
040 _cjitshen
100 _aRinchen Yangzom and David Long
245 _aA new species of Meconopsis.
300 _a177-181 p.
_c30 cm.
942 _2ddc
_cBINDER